[Event "Allauch op 5th"]
[Site "Allauch"]
[Date "2023.08.31"]
[Round "7"]
[White "Hoang Villemagne, Mathieu"]
[Black "Omelchenko, Danila"]
[Result "1-0"]
[WhiteElo "1350"]
[BlackElo "1199"]
[PlyCount "87"]
[EventDate "2023.08.28"]
[EventType "swiss"]
[EventRounds "9"]
[EventCountry "FRA"]
[SourceTitle "EXT 2024"]
[Source "ChessBase"]
[SourceDate "2023.10.10"]
[SourceVersion "1"]
[SourceVersionDate "2023.10.10"]
[SourceQuality "1"]

1. e4 Nf6 2. e5 Nd5 3. c4 Nb6 4. d4 d6 5. exd6 cxd6 6. Nf3 Bf5 7. Bd3 Bxd3 8. Qxd3 Nc6 9. d5 Nb4 10. Qe2 Rc8 11. b3 N6xd5 12. Qd2 Qa5 13. 0-0 Nf6 14. Re1 e6 15. Bb2 Be7 16. Bc3 d5 17. a3 Ne4 18. Bxb4 Nxd2 19. Bxa5 Nxb3 20. Bc3 Rxc4 21. Ra2 0-0 22. Nfd2 Nxd2 23. Rxd2 Rfc8 24. Rd3 b5 25. Be5 a5 26. Rb3 a4 27. Rxb5 Rc1 28. Kf1 f6 29. Bb2 Rxe1+ 30. Kxe1 Ra8 31. Rb7 Bd8 32. Nc3 d4 33. Nb5 Ba5+ 34. Ke2 e5 35. Nd6 Rd8 36. Nf5 d3+ 37. Kd1 g6 38. Ne7+ Kf8 39. Nc6 Rd5 40. Nxa5 Rxa5 41. Kd2 Rd5 42. Rxh7 e4 43. Bxf6 Rc5 44. Be7+ 1-0

[Event "Allauch op 5th"]
[Site "Allauch"]
[Date "2023.08.31"]
[Round "6"]
[White "Touzet, Cassien"]
[Black "Hoang Villemagne, Mathieu"]
[Result "1/2-1/2"]
[WhiteElo "1389"]
[BlackElo "1350"]
[PlyCount "111"]
[EventDate "2023.08.28"]
[EventType "swiss"]
[EventRounds "9"]
[EventCountry "FRA"]
[SourceTitle "EXT 2024"]
[Source "ChessBase"]
[SourceDate "2023.10.10"]
[SourceVersion "1"]
[SourceVersionDate "2023.10.10"]
[SourceQuality "1"]

1. e4 e5 2. Bc4 Nf6 3. d3 c6 4. Nf3 d5 5. exd5 cxd5 6. Bb5+ Bd7 7. Bxd7+ Nbxd7 8. 0-0 Bd6 9. Bg5 0-0 10. Nc3 Qb6 11. Rb1 Rac8 12. Qe2 Bb8 13. Rfe1 Rfe8 14. Qd2 a6 15. Re2 Rc6 16. Qe1 Rce6 17. Bh4 e4 18. Ng5 Re5 19. dxe4 dxe4 20. Na4 Qb5 21. Nc3 Qb6 22. Na4 Qc6 23. Nc3 h6 24. Nh3 Rh5 25. Bg3 Bxg3 26. hxg3 Rxh3 27. gxh3 Ne5 28. Qd1 Nf3+ 29. Kf1 Qe6 30. Kg2 h5 31. Re3 Ng5 32. Qh1 h4 33. Rbe1 Nf3 34. R1e2 Nd4 35. Rd2 Nf5 36. Qe1 Nxe3+ 37. Qxe3 hxg3 38. fxg3 g6 39. Rd4 Qb6 40. b3 Kg7 41. a4 Qc5 42. Rd3 Qf5 43. Rd4 Rh8 44. g4 Qf3+ 45. Qxf3 exf3+ 46. Kg3 f2 47. Rf4 Rc8 48. Nd1 Rxc2 49. Nxf2 Nd7 50. Ne4 Nc5 51. Nxc5 Rxc5 52. Rb4 b5 53. axb5 axb5 54. Rf4 Rc3+ 55. Rf3 b4 56. Kf2 1/2-1/2